000 00659nam a2200169Ia 4500
008 090711s9999 xx 000 0 und d
082 _b53334
100 _aजायस्वाल जयनारायण
245 _aपोटबिघडले की आरोग्य बिघडते
260 _c1986
300 _a154
600 _aजायस्वाल जयनारायण
630 _aपोटबिघडले की आरोग्य बिघडते
700 _aजायस्वाल जयनारायण
730 _aपोटबिघडले की आरोग्य बिघडते
942 _cBOOK
999 _c310249
_d310249